Introduction to business statistics
Đã lưu trong:
| Tác giả chính: | |
|---|---|
| Định dạng: | Sách |
| Ngôn ngữ: | Undetermined |
| Được phát hành: |
Australia
Thomson Brooks/cole
2005
|
| Những chủ đề: | |
| Các nhãn: |
Thêm thẻ
Không có thẻ, Là người đầu tiên thẻ bản ghi này!
|
| Thư viện lưu trữ: | Trung tâm Học liệu Trường Đại học Cần Thơ |
|---|
| LEADER | 00605nam a2200193Ia 4500 | ||
|---|---|---|---|
| 001 | CTU_211707 | ||
| 008 | 210402s9999 xx 000 0 und d | ||
| 082 | |a 519.5 | ||
| 082 | |b W415 | ||
| 100 | |a Weiers, Ronald M. | ||
| 245 | 0 | |a Introduction to business statistics | |
| 245 | 0 | |c Ronald M. Weiers ; with business cases by J. Brian Gray, Lawrence H. Peters | |
| 260 | |a Australia | ||
| 260 | |b Thomson Brooks/cole | ||
| 260 | |c 2005 | ||
| 650 | |a Commercial statistics. | ||
| 904 | |i Tuyen | ||
| 910 | |a Sách kèm 1CD có số AV.000865 | ||
| 980 | |a Trung tâm Học liệu Trường Đại học Cần Thơ | ||